| 000 | 01420cab a22002655a 4500 | ||
|---|---|---|---|
| 001 | L143612 | ||
| 008 | 080521e20080509xxk f 000 0 eng d | ||
| 035 | _a(Sirsi) u143612 | ||
| 041 | 0 | _aeng | |
| 100 | 1 | _aDavey, Francis | |
| 245 | 0 | 0 | _aRighting a housing wrong |
| 260 | _c2008 | ||
| 490 |
_aNew Law Journal _v158(7320) 9 May 2008, 656(1) |
||
| 520 | _aReports on the government's proposed amendments to the Housing and Regeneration Bill aimed at correcting post-tenancy problems. A number of former council tenants are likely to become tolerated trespassers. Such tenants lose their right to buy as well as repair and service rights. Housing Act provisions do permit courts the discretion to restore previous rights. However there are significant problems with this arrangement, described here. The government's solution will prevent tenancies from ending by continuing the full legal obligation to pay rent when in occupation. Also details corrections aimed at those currently in a state of tolerated trespass. | ||
| 590 | _aKA | ||
| 650 | 2 | 4 | _aBURROWS V BRENT LBC |
| 650 | 2 | 4 | _aAUSTIN V SOUTHWARK LBC |
| 650 | 2 | 4 | _aSWINDON BC V ASTON |
| 650 | 2 | 4 | _aHOUSING ACT 1985 S85 |
| 650 | 2 | 4 | _aHOUSING ACT 1996 S127 |
| 650 | 2 | 4 | _aHOUSING AND REGENERATION BILL 2007-08 |
| 651 | 4 |
_aUnited Kingdom _y |
|
| 690 | _aPROPERTY-RESIDENTIAL PROPERTY-RESIDENTIAL LANDLORD AND TENANT-RESIDENTIAL TENANCIES | ||
| 942 | _n0 | ||
| 999 |
_c80246 _d80246 |
||